| 000 | 00522nam a2200205 a 4500 | ||
|---|---|---|---|
| 999 |
_c4686 _d4686 |
||
| 001 | 4682 | ||
| 003 | BD-JhCC | ||
| 005 | 20180130163148.0 | ||
| 008 | 171129s1966 uk |||| |||| 000 0 eng d | ||
| 035 | _a(BD-JhCC)4682 | ||
| 040 |
_aBD-JhCC _dBD-JhCC |
||
| 041 | _aeng | ||
| 082 |
_a915.49 _bTAY 1966 |
||
| 100 | _aTayyeb. A | ||
| 245 |
_aPakistan : _bA Political Geography / _cA Tayyeb. |
||
| 260 |
_aLondon: _bOxford University Press; _c1966 |
||
| 300 |
_a250 p.; _c28 cm |
||
| 650 |
_aTravel _zPakistan |
||
| 942 |
_2ddc _cBK |
||